Liste de consoles de jeux vidéo Cinquième génération (1993–2000) - Statistiques

Statistiques générales
  • Ce quiz a été pris 13 fois
  • Le résultat moyen est 10 sur 26
Statistiques - réponses
Nom de la console Dates Constructeur Type de quiz % Correct
5 Game.com 1997 Tiger Electronics Console portable
90%
21 Game Boy Color 1998 Nintendo Console portable
80%
22 Nintendo 64 1996 Nintendo Console
70%
23 Nintendo 64DD 1999 Nintendo Accessoire de console
70%
19 Playdia 1994 Bandai Console
70%
10 PlayStation 1994 Sony Console
70%
14 Sega Saturn 1994 Sega Console
60%
7 Atari Jaguar 1993 Atari Corporation Console
50%
8 Atari Jaguar CD 1995 Atari Corporation Accessoire de console
50%
9 Atari Jaguar II Annulée Atari Corporation Console
50%
13 PSone 2000 Sony Console
40%
24 Sega Neptune Annulée Sega Console
40%
26 Sega Pluto Annulée Sega Console
40%
3 Apple Pippin 1995 Bandai / Apple Console
30%
18 Casio Loopy 1995 Casio Console
30%
15 Panasonic M2 Annulée Panasonic Console
20%
6 PC-FX 1994 NEC Console
20%
1 Virtual Boy 1995 Nintendo Console
20%
16 3DO Interactive Multiplayer 1993 Panasonic / Sanyo / GoldStar Console
10%
17 Amiga CD32 1993 Commodore Console
10%
20 CP System Changer 1994 Capcom Console
10%
2 FM Towns Marty 1993 Fujitsu (Japon uniquement) Console
10%
25 Neo-Geo Pocket 1998 SNK Console portable
10%
12 PocketStation 1998 Sony Console portable
10%
4 R-Zone 1995 Tiger Electronics Console portable
10%
11 Net Yaroze 1997 Sony Kit de développement pour console
0%
Aucun quiz correspondant
Distribution des résultats
% des personnes avec chaque résultat
Percentile par nombre de réponses
Votre historique - résultats
Vous n’avez pas pris ce quiz